| 000 | 01526cam a2200265 a 4500 | ||
|---|---|---|---|
| 001 | 3526281 | ||
| 005 | 20210414113937.0 | ||
| 008 | 960919s1997 ilua b 001 0 eng | ||
| 020 | _a025619386X | ||
| 040 |
_aDLC _cDLC _dDLC |
||
| 050 | 0 | 0 |
_aHF1017.B654 _b |
| 100 | 1 | _aBowerman, Bruce L. | |
| 245 | 1 | 0 |
_aApplied statistics :improving business processes. / _cBruce L. Bowerman, Richard T. O'Connell. |
| 260 |
_aChicago : _bIrwin, _cc1997. |
||
| 300 |
_axviii, 1273 p. : _bill. ; _c29 cm. |
||
| 440 | 4 | _aThe Irwin series in statistics | |
| 504 | _aIncludes bibliographical references and index. | ||
| 505 | _aContents: An Introduction to business statistics -- Descriptive statistics -- Probability and random variables -- Probability distributions -- Sampling distributions -- Confidence intervals -- Hypothesis testing -- Statistical inferences based on two samples -- Introduction to quality improvement using control charts -- Sample linear regression analysis -- Multiple regression -- Model building and model diagnostics -- Time series forecasting -- Experimental design and analysis of variance -- Chi-square tests -- Statistical tables -- Using matrix algebra to perform regression calculations -- Answers to most odd-numbered exercises. | ||
| 650 | 0 | _aCommercial statistics. | |
| 650 | 0 | _aStatistics. | |
| 700 | 1 | _aO'Connell, Richard T. | |
| 906 |
_a7 _bcbc _corignew _d1 _eocip _f19 _gy-gencatlg |
||
| 942 |
_2lcc _cBK |
||
| 999 |
_c868 _d8368 |
||